Bespoke tailors take scissors to red tape (Record no. 66461)
[ view plain ]
| 000 -LEADER | |
|---|---|
| fixed length control field | 01635cam a2200229 4500 |
| 001 - CONTROL NUMBER | |
| control field | ABS63653 |
| 008 - FIXED-LENGTH DATA ELEMENTS--GENERAL INFORMATION | |
| fixed length control field | 000000n2001 000 0 eng u |
| 035 ## - SYSTEM CONTROL NUMBER | |
| System control number | (Sirsi) u111525 |
| 100 ## - MAIN ENTRY--PERSONAL NAME | |
| Personal name | Williams, B. |
| 245 ## - TITLE STATEMENT | |
| Title | Bespoke tailors take scissors to red tape |
| 260 ## - PUBLICATION, DISTRIBUTION, ETC. | |
| Date of publication, distribution, etc. | 2001 |
| 490 ## - SERIES STATEMENT | |
| Series statement | Estates Gazette |
| Volume/sequential designation | (0111) 17 March 2001, 162-163(2) |
| 520 ## - SUMMARY, ETC. | |
| Summary, etc. | Looks at the role of private sector, DETR-approved building inspectors and the benefits of the services they can offer property developers. Originally, local authorities had sole responsibility for building control. However, since 1977 several companies have been awarded Corporate Approval Inspector (CAI) status for commercial projects. In order to compete with the public sector, private sector inspectors offer competitive rates and greater efficiency. Approved inspectors give advice on all forms of property legislation which may affect each stage of the development process. They smooth the route to compliance with Building Regulations for developers. Among the additional services they can offer are fire authority consultation, and negotiation with local authorities or licensing bodies. Considers a hypothetical case study, which illustrates the work of the CAI team, includes an example of a CAI progress chart, and looks at planned changes to legislation that may affect building control. |
| 590 ## - LOCAL NOTE (RLIN) | |
| Local note | ABS |
| 650 ## - SUBJECT ADDED ENTRY--TOPICAL TERM | |
| Topical term or geographic name entry element | CORPORATE APPROVED INSPECTORS |
| 650 ## - SUBJECT ADDED ENTRY--TOPICAL TERM | |
| Topical term or geographic name entry element | BUILDING CONTROL |
| 9 (RLIN) | 6222 |
| 650 ## - SUBJECT ADDED ENTRY--TOPICAL TERM | |
| Topical term or geographic name entry element | PROPERTY DEVELOPERS |
| 650 ## - SUBJECT ADDED ENTRY--TOPICAL TERM | |
| Topical term or geographic name entry element | REGULATIONS |
| 650 ## - SUBJECT ADDED ENTRY--TOPICAL TERM | |
| Topical term or geographic name entry element | BUILDING ACT 1984 |
| 690 ## - LOCAL SUBJECT ADDED ENTRY--TOPICAL TERM (OCLC, RLIN) | |
| Topical term or geographic name as entry element | BUILT ENVIRONMENT-BUILDING STANDARDS |
| 942 ## - ADDED ENTRY ELEMENTS (KOHA) | |
| Suppress in OPAC | 0 |
| Withdrawn status | Lost status | Source of classification or shelving scheme | Damaged status | Not for loan | Home library | Current library | Shelving location | Date acquired | Total Checkouts | Full call number | Barcode | Date last seen | Copy number | Price effective from | Koha item type |
|---|---|---|---|---|---|---|---|---|---|---|---|---|---|---|---|
| Dewey Decimal Classification | London | London | Journal article | 21/03/2001 | ABS63653 | 111525-1001 | 06/08/2019 | 1 | 06/08/2019 | Journal article |